Statistics for Vitamins

Click here to take the quiz!

General Stats

  • This quiz has been taken 250 times
  • The average score is 6 of 13

Answer Stats

HintAnswer% Correct
B2Riboflavin
72%
B3Niacin
71%
CAscorbic Acid
64%
B1Thiamine
63%
B9Folic Acid
51%
ARetinol
49%
B7Biotin
46%
B5Pantothenic Acid
43%
B12Cobalamin
36%
DCalciferol
33%
B6Pyridoxine
32%
ETocopherol
30%
K1Phylloquinone
21%

Score Distribution

Percentile by Number Answered

Percent of People with Each Score

Your Score History

You have not taken this quiz